Hombres de fe en esta época de nuestra historia una nueva etapa de la misión
Saved in:
| Hovedforfatter: | |
|---|---|
| Format: | Bog |
| Sprog: | spansk |
| Udgivet: |
Santiago
Comisión de Evangelización
1988
|
| Serier: | Fichas de Evangelización, 2
|
| Fag: | |
| Tags: |
Tilføj Tag
Ingen Tags, Vær først til at tagge denne postø!
|
MARC
| LEADER | 00000nam a2200000 a 4500 | ||
|---|---|---|---|
| 001 | UCM9884 | ||
| 003 | CL-VaPUC | ||
| 008 | 030530e19880000CL |||||||||||||||||spa|d | ||
| 082 | 0 | 4 | |a 253.7 |b MAR |2 21 |
| 100 | |a Maréchal, Claude |e autor |9 476508 | ||
| 245 | 1 | 0 | |a Hombres de fe en esta época de nuestra historia una nueva etapa de la misión |
| 300 | |a 10 p | ||
| 942 | |c BK | ||
| 945 | |d 20030530 00:00:00 |a rbrito | ||
| 260 | |a Santiago |b Comisión de Evangelización |c 1988 | ||
| 650 | 7 | |a EVANGELIZACION |2 CL-VaPUC |9 476509 | |
| 650 | 0 | |a Teología pastoral |9 257832 | |
| 583 | |a last modification |c 20030530 00:00:00 |k Rodrigo Vera | ||
| 490 | 0 | |a Fichas de Evangelización, 2 | |
| 999 | |c 303966 |d 303964 | ||
| 952 | |0 0 |1 0 |4 0 |6 253_700000000000000_MAR_1988 |7 0 |8 A |9 365647 |a BIBTEO |b BIBTEO |d 2019-11-21 |i 3909522 |o 253.7 MAR 1988 |p 3909522 |r 2025-01-17 |w 2019-11-21 |y BK |k ICR | ||